Eastern Utah Libraries Catalog: Duchesne, Heber, Roosevelt, & Vernal

The 12 worst fires of all time / (Record no. 314108)

MARC details
000 -LEADER
fixed length control field 02062cam a2200385 i 4500
001 - CONTROL NUMBER
control field 20409349
003 - CONTROL NUMBER IDENTIFIER
control field DLC
005 - DATE AND TIME OF LATEST TRANSACTION
control field 20200320213906.0
008 - FIXED-LENGTH DATA ELEMENTS--GENERAL INFORMATION
fixed length control field 180316s2018 mnuab c b 001 0 eng
010 ## - LIBRARY OF CONGRESS CONTROL NUMBER
LC control number 2018011535
020 ## - INTERNATIONAL STANDARD BOOK NUMBER
International Standard Book Number 9781632355355 (library binding)
037 ## - SOURCE OF ACQUISITION
Source of stock number/acquisition Lookout Books
040 ## - CATALOGING SOURCE
Original cataloging agency DLC
Transcribing agency DLC
042 ## - AUTHENTICATION CODE
Authentication code pcc
082 00 - DEWEY DECIMAL CLASSIFICATION NUMBER
Classification number 363.37/09
Edition number 23
092 ## - LOCALLY ASSIGNED DEWEY CALL NUMBER (OCLC)
Classification number 363.37 PER
100 1# - MAIN ENTRY--PERSONAL NAME
Personal name Perdew, Laura,
Relator term author
9 (RLIN) 5697894
245 14 - TITLE STATEMENT
Title The 12 worst fires of all time /
Statement of responsibility, etc by Laura Perdew.
264 #1 - Production, Publication, Distribution, Manufacture, and Copyright Notice.
Place of production, publication, distribution, manufacture Mankato, Minnesota :
Name of producer, publisher, distributor, manufacturer 12-Story Library,
Date of production, publication, distribution, manufacture, or copyr 2018.
300 ## - PHYSICAL DESCRIPTION
Extent 32 pages :
Other physical details illustrations (chiefly color), color map ;
Dimensions 24 cm.
336 ## - Content Type
Content type term text
337 ## - Media type
Media type term unmediated
338 ## - Carrier type
Carrier type term volume
490 1# - SERIES STATEMENT
Series statement All-time worst disasters
504 ## - BIBLIOGRAPHY, ETC. NOTE
Bibliography, etc Includes bibliographical references (page 31) and index.
505 0# - FORMATTED CONTENTS NOTE
Formatted contents note Fire sweeps through Edo, Japan -- Panic reigns in the Great Fire of London -- Huge blaze leaves Chicago in ruins -- Fleeing fire, Wisconsin townspeople dive into river -- Wildfire scorches millions of acres in Rockies -- Black Dragon Fire roars across China and Siberia -- Summer of fire torches Yellowstone National Park -- Smoke from wildfires chokes Southeast Asia -- Wildfires char Greek forests and farmlands -- California suffers worst wildfire season on record -- Black Saturday bushfires ravage Australian landscape -- "The Beast" rages in Alberta -- Staying safe if there is a fire.
520 ## - SUMMARY, ETC.
Summary, etc Disasters are fascinating, awe-inspiring, and scary, all at the same time. Lean the facts about many of the worst disasters in human history. Then get some tips on how to prepare for disasters and stay safe.
521 0# - TARGET AUDIENCE NOTE
Target audience note Grades 3-5.
650 #0 - SUBJECT ADDED ENTRY--TOPICAL TERM
Topical term or geographic name as entry element Fires
General subdivision History
Form subdivision Juvenile literature.
9 (RLIN) 5985262
830 #0 - SERIES ADDED ENTRY--UNIFORM TITLE
Uniform title All-time worst disasters.
9 (RLIN) 5985263
852 ## - LOCATION/CALL NUMBER
-- 20.70
942 ## - ADDED ENTRY ELEMENTS (KOHA)
Koha item type BOOK
948 ## - LOCAL PROCESSING INFORMATION (OCLC); SERIES PART DESIGNATOR (RLIN)
Series part designator, SPT (RLIN) 10/05/2018
z (OCLC) Sirsi
996 ## -
-- 155752
-- 34301001563263
-- JNF
-- bk
-- wcl
-- i
-- 1
-- 21.95
-- lookout
-- 363.37 Per
-- 10/05/2018
-- 02/02/2019
-- 01/11/2019
Holdings
Withdrawn status Lost status Source of classification or shelving scheme Damaged status Not for loan Collection code Home library Current library Shelving location Date acquired Cost, normal purchase price Total Checkouts Total Renewals Full call number Barcode Date last seen Date checked out Cost, replacement price Price effective from Koha item type
    Dewey Decimal Classification     Junior NonFiction Wasatch County Library Wasatch County Library Second Floor 10/05/2018 21.95 6 1 J 363.37 Per 34301001563263 01/24/2026 01/15/2026 21.95 03/20/2020 BOOK
This project was made possible through a grant from the Institute of Museum and Library Service administered by the Utah State Library Division.

Wasatch County Library

  • 465 East 1200 South, Heber City, Utah 84032
  • Phone 435-654-1511 | Fax 435-654-6456

Hours

  • Monday - Friday 9:30 AM - 8:00 PM
  • Saturday 9:30 AM - 1:30 PM
  • Closed Sundays and Holidays